[Event "Valencia tch - Division de Honor"]
[Site "Comunidad Valenciana"]
[Date "2009.01.17"]
[Round "2.8"]
[White "Soler Di Benedetto, Sandra"]
[Black "Ballester Llagaria, Luis Eduardo"]
[Result "1/2-1/2"]
[WhiteElo "2024"]
[BlackElo "2053"]
[PlyCount "75"]
[EventDate "2009.01.10"]
[EventType "team"]
[EventRounds "9"]
[EventCountry "ESP"]
[Source "lmi"]
[SourceDate "2009.01.10"]
[WhiteTeam "Ateneo Maritimo"]
[BlackTeam "Eva Manises"]

1. d4 d5 2. Nc3 Nf6 3. Nf3 Bf5 4. Bf4 c6 5. e3 Nbd7 6. h3 e6 7. Be2 Be7 8. Ne5
Nxe5 9. Bxe5 Bd6 10. Bxd6 Qxd6 11. g4 Bg6 12. Qd2 b5 13. g5 Nd7 14. Bg4 Nb6 15.
b3 b4 16. Ne2 c5 17. dxc5 Qxc5 18. Nd4 Rc8 19. Rc1 Nd7 20. O-O Ne5 21. Be2 h6
22. f4 Nd7 23. f5 Qd6 24. Bg4 Qg3+ 25. Kh1 Bh5 26. fxe6 Bxg4 27. exf7+ Ke7 28.
Qxb4+ Nc5 29. f8=Q+ Rhxf8 30. hxg4 Qh3+ 31. Kg1 Qxg4+ 32. Kh1 Qh4+ 33. Kg1 Qg3+
34. Kh1 Qh4+ 35. Kg1 Qg4+ 36. Kh1 Qh4+ 37. Kg2 Qg4+ 38. Kh2 1/2-1/2

[Event "Valencia tch - Division de Honor"]
[Site "Comunidad Valenciana"]
[Date "2009.01.17"]
[Round "2.1"]
[White "Mancebo Ibañez, Fernando"]
[Black "Cabrera Pino, Alexis"]
[Result "0-1"]
[WhiteElo "2196"]
[BlackElo "2507"]
[PlyCount "76"]
[EventDate "2009.01.10"]
[EventType "team"]
[EventRounds "9"]
[EventCountry "ESP"]
[Source "lmi"]
[SourceDate "2009.01.10"]
[WhiteTeam "Gambito"]
[BlackTeam "Mislata"]

1. d4 f5 2. Nf3 Nf6 3. c4 g6 4. g3 Bg7 5. Bg2 O-O 6. O-O d6 7. Nc3 Nc6 8. d5
Na5 9. Nd2 c5 10. Qc2 e5 11. dxe6 Bxe6 12. b3 Nc6 13. Bb2 Nb4 14. Qd1 d5 15. e3
Nc6 16. Nxd5 Nxd5 17. cxd5 Bxd5 18. Bxd5+ Qxd5 19. Bxg7 Kxg7 20. Nc4 Rfd8 21.
Qc2 Qd3 22. Qb2+ Kf7 23. Rac1 Rd5 24. Rc2 Qe4 25. Rd2 Rad8 26. Rfd1 Rxd2 27.
Rxd2 Qe7 28. Rxd8 Qxd8 29. Ne5+ Ke6 30. Nxc6 Qd1+ 31. Kg2 Qd5+ 32. Kg1 Qxc6 33.
Qg7 Qd7 34. Qg8+ Ke5 35. f4+ Ke4 36. Qc4+ Kxe3 37. Qxc5+ Qd4 38. Qc2 Kf3+ 0-1

[Event "Valencia tch - Division de Honor"]
[Site "Comunidad Valenciana"]
[Date "2009.01.17"]
[Round "2.2"]
[White "Garcia Roman, Daniel"]
[Black "Mari Sancho, Rafael"]
[Result "1-0"]
[WhiteElo "2446"]
[BlackElo "2262"]
[PlyCount "91"]
[EventDate "2009.01.10"]
[EventType "team"]
[EventRounds "9"]
[EventCountry "ESP"]
[Source "lmi"]
[SourceDate "2009.01.10"]
[WhiteTeam "Mislata"]
[BlackTeam "Gambito"]

1. d4 Nf6 2. c4 e6 3. Nf3 d5 4. Nc3 Bb4 5. Bg5 O-O 6. e3 b6 7. cxd5 Qxd5 8.
Bxf6 gxf6 9. g3 Ba6 10. Bxa6 Nxa6 11. O-O Bxc3 12. bxc3 c5 13. Qe2 cxd4 14.
cxd4 Qb7 15. e4 Rac8 16. Rad1 Rfd8 17. Nh4 Nc7 18. d5 Ne8 19. dxe6 fxe6 20. e5
fxe5 21. Qxe5 Ng7 22. Ng2 Rd5 23. Qe4 Qf7 24. Ne3 Rdc5 25. Ng4 Qg6 26. Qxg6
hxg6 27. Nf6+ Kh8 28. Rd7 Rf8 29. Ng4 Nh5 30. Rxa7 Nf6 31. Nxf6 Rxf6 32. Rd1
Rcf5 33. Rd8+ Rf8 34. Rxf8+ Rxf8 35. Rb7 Ra8 36. Rxb6 Rxa2 37. Rxe6 Kg7 38. h4
Rb2 39. Kg2 Kh6 40. g4 Rb4 41. Kg3 Kg7 42. Rd6 Rc4 43. f3 Rb4 44. Rd5 Rc4 45.
h5 gxh5 46. Rxh5 1-0

[Event "Valencia tch - Division de Honor"]
[Site "Comunidad Valenciana"]
[Date "2009.01.17"]
[Round "2.3"]
[White "Blasco Marques, Salvador"]
[Black "Vassallo Barroche, Mauricio"]
[Result "0-1"]
[WhiteElo "1972"]
[BlackElo "2423"]
[PlyCount "72"]
[EventDate "2009.01.10"]
[EventType "team"]
[EventRounds "9"]
[EventCountry "ESP"]
[Source "lmi"]
[SourceDate "2009.01.10"]
[WhiteTeam "Gambito"]
[BlackTeam "Mislata"]

1. e4 g6 2. d4 Bg7 3. Be3 d6 4. Qd2 a6 5. Nc3 Nd7 6. f3 b5 7. Nd5 c6 8. Nf4
Ngf6 9. Nd3 Bb7 10. Ne2 Qc7 11. g4 Nb6 12. b3 h5 13. g5 Nfd7 14. Bg2 c5 15. c3
O-O 16. O-O a5 17. Rf2 a4 18. Raf1 axb3 19. axb3 c4 20. bxc4 Nxc4 21. Qc1 Ra3
22. f4 Rfa8 23. Rf3 Bxe4 24. Bf2 Qb7 25. Rg3 Bxg2 26. Rxg2 Qe4 27. Qb1 Nd2 28.
Ng3 Qxg2+ 29. Kxg2 Nxb1 30. Rxb1 Rxc3 31. Ne1 Ra2 32. Nf3 Rcc2 33. Nh1 Rcb2 34.
Rc1 Nb6 35. Rc7 Nd5 36. Rc8+ Kh7 0-1

[Event "Valencia tch - Division de Honor"]
[Site "Comunidad Valenciana"]
[Date "2009.01.17"]
[Round "2.4"]
[White "Garcia Ramos, Javier"]
[Black "Simon Sanchez, Rafael"]
[Result "1-0"]
[WhiteElo "2262"]
[BlackElo "2076"]
[PlyCount "27"]
[EventDate "2009.01.10"]
[EventType "team"]
[EventRounds "9"]
[EventCountry "ESP"]
[Source "lmi"]
[SourceDate "2009.01.10"]
[WhiteTeam "Mislata"]
[BlackTeam "Gambito"]

1. e4 d6 2. d4 c6 3. Nc3 g6 4. Be3 Bg7 5. Qd2 b5 6. a3 a5 7. d5 b4 8. axb4 Ba6
9. Rxa5 Bxf1 10. Rxa8 Bxg2 11. Ba7 Qc7 12. b5 cxb5 13. Nge2 Bxh1 14. Nxb5 1-0

[Event "Valencia tch - Division de Honor"]
[Site "Comunidad Valenciana"]
[Date "2009.01.17"]
[Round "2.6"]
[White "Pena Riasco, Alexander"]
[Black "Morenilla Rocher, Carlos"]
[Result "1-0"]
[WhiteElo "2228"]
[BlackElo "2000"]
[PlyCount "71"]
[EventDate "2009.01.10"]
[EventType "team"]
[EventRounds "9"]
[EventCountry "ESP"]
[Source "lmi"]
[SourceDate "2009.01.10"]
[WhiteTeam "Mislata"]
[BlackTeam "Gambito"]

1. e4 e5 2. Nf3 Nc6 3. d4 exd4 4. Bc4 d6 5. Nxd4 Nxd4 6. Qxd4 Nf6 7. Nc3 Be7 8.
O-O O-O 9. Bf4 a6 10. a4 b6 11. Rad1 Bb7 12. e5 dxe5 13. Qxe5 Bd6 14. Qf5 Qc8
15. Qxc8 Raxc8 16. Bxd6 cxd6 17. Bb3 d5 18. Rfe1 Rfe8 19. f3 Rxe1+ 20. Rxe1 Kf8
21. Kf2 Re8 22. Rxe8+ Kxe8 23. Ke3 Kd7 24. Kd4 Kd6 25. h4 h5 26. Nd1 Ne8 27.
Ne3 g6 28. Nxd5 Bxd5 29. Bxd5 Ke7 30. b4 Nd6 31. Be4 Ke6 32. Bd3 a5 33. bxa5
bxa5 34. Kc5 Ke5 35. f4+ Ke6 36. c4 1-0

[Event "Valencia tch - Division de Honor"]
[Site "Comunidad Valenciana"]
[Date "2009.01.17"]
[Round "2.8"]
[White "Valero Perez, Fco. Javier"]
[Black "Ferri Morant, Jose Angel"]
[Result "1-0"]
[WhiteElo "2182"]
[BlackElo "2001"]
[PlyCount "49"]
[EventDate "2009.01.10"]
[EventType "team"]
[EventRounds "9"]
[EventCountry "ESP"]
[Source "lmi"]
[SourceDate "2009.01.10"]
[WhiteTeam "Mislata"]
[BlackTeam "Gambito"]

1. d4 d5 2. c3 e6 3. Nf3 Nf6 4. Bf4 Be7 5. e3 O-O 6. Bd3 Nbd7 7. Nbd2 c5 8. Ne5
cxd4 9. exd4 Re8 10. Qe2 a6 11. O-O Nf8 12. Bg3 Ng6 13. Ndf3 Bd6 14. h4 Nh5 15.
Ng5 Nhf4 16. Bxf4 Nxf4 17. Bxh7+ Kf8 18. Qf3 Qf6 19. Bg6 Ke7 20. Bc2 Rh8 21.
Ng4 Rxh4 22. Nxf6 Ne2+ 23. Qxe2 Bh2+ 24. Kh1 Bc7+ 25. Nh3 1-0

[Event "Valencia tch - Division de Honor"]
[Site "Comunidad Valenciana"]
[Date "2009.01.17"]
[Round "2.1"]
[White "Alvarez Ibarra, Rafael"]
[Black "Fenollar Jorda, Manuel"]
[Result "1-0"]
[WhiteElo "2377"]
[BlackElo "2341"]
[PlyCount "139"]
[EventDate "2009.01.10"]
[EventType "team"]
[EventRounds "9"]
[EventCountry "ESP"]
[Source "lmi"]
[SourceDate "2009.01.10"]
[WhiteTeam "C.M. Castellon"]
[BlackTeam "Oliva"]

1. c4 Nf6 2. Nc3 d5 3. cxd5 Nxd5 4. Nf3 e6 5. g3 c5 6. Bg2 Nc6 7. O-O Be7 8.
Nxd5 exd5 9. d4 c4 10. b3 cxb3 11. Qxb3 O-O 12. Bd2 Na5 13. Bxa5 Qxa5 14. Ne5
Rd8 15. e3 Bf6 16. Rfd1 Be6 17. Qxb7 Bxe5 18. dxe5 Qc3 19. Qa6 Qxe5 20. Rd4 Qc7
21. Rad1 Rd6 22. Qa3 Rc6 23. Bxd5 Bxd5 24. Rxd5 g6 25. Rd7 Qb6 26. Qe7 Rf8 27.
Rxa7 Rc2 28. Rad7 Rcc8 29. h4 Rce8 30. Qd6 Qb2 31. a4 Re4 32. Qc6 Re6 33. R7d6
Re5 34. R1d5 Ree8 35. Qb5 Qc3 36. Kg2 Qc2 37. Rd3 Rb8 38. Qc6 Qa2 39. Rd2 Qa1
40. Rd1 Qa2 41. R6d2 Qa3 42. h5 Rbc8 43. Qf6 Qc3 44. Qxc3 Rxc3 45. hxg6 hxg6
46. Ra2 Rb8 47. Rd4 Kf8 48. a5 Rc6 49. Rd5 Ke7 50. e4 Ke6 51. g4 Rb3 52. g5
Rbc3 53. f3 Rb3 54. Kg3 Rbc3 55. Kg4 R3c4 56. Kf4 Rc3 57. Re5+ Kd7 58. Rd2+ Rd6
59. Red5 Rxd5 60. Rxd5+ Ke6 61. Rb5 Ra3 62. Rb6+ Ke7 63. a6 Ra5 64. Rf6 Ra3 65.
e5 Ra1 66. Ke4 Rd1 67. f4 Rd2 68. Rd6 Ra2 69. Kd5 Ra4 70. Rf6 1-0

[Event "Valencia tch - Division de Honor"]
[Site "Comunidad Valenciana"]
[Date "2009.01.17"]
[Round "2.2"]
[White "Mengual Bolo, Carlos"]
[Black "Roca Galarza, Jose"]
[Result "0-1"]
[WhiteElo "2109"]
[BlackElo "2320"]
[PlyCount "114"]
[EventDate "2009.01.10"]
[EventType "team"]
[EventRounds "9"]
[EventCountry "ESP"]
[Source "lmi"]
[SourceDate "2009.01.10"]
[WhiteTeam "Oliva"]
[BlackTeam "C.M. Castellon"]

1. d4 Nf6 2. Nf3 e6 3. Bf4 c5 4. e3 Nc6 5. c3 b6 6. h3 Be7 7. Nbd2 O-O 8. Bd3
Bb7 9. O-O Rc8 10. Re1 d6 11. Qe2 Qd7 12. Bg3 cxd4 13. exd4 Rfe8 14. a3 g6 15.
Nc4 Bf8 16. Rad1 b5 17. Ncd2 a6 18. Ne4 Nxe4 19. Bxe4 Na5 20. Ng5 Be7 21. Bxb7
Nxb7 22. Ne4 f5 23. Nd2 Bf6 24. Nb3 Qc6 25. Qd3 Qc4 26. Nc1 Qxd3 27. Nxd3 g5
28. f4 h6 29. Re2 Kf7 30. Rde1 g4 31. h4 d5 32. Bf2 Nd6 33. Nc5 Ne4 34. Nxe4
dxe4 35. g3 a5 36. Rc2 Rc6 37. Kf1 Rec8 38. Rec1 Be7 39. Ke2 Ke8 40. Be3 Kd7
41. Bd2 Bf6 42. Be3 Kd6 43. Bd2 Bxd4 44. Rd1 Ke7 45. Be1 Bc5 46. Rcd2 Rd6 47.
Rxd6 Bxd6 48. Bf2 Bc5 49. Be1 Rd8 50. Rxd8 Kxd8 51. c4 bxc4 52. Bxa5+ Kd7 53.
Bc3 h5 54. Be1 Bd4 55. Bc3 Bxc3 56. bxc3 Kc6 57. Ke3 Kb5 0-1

[Event "Valencia tch - Division de Honor"]
[Site "Comunidad Valenciana"]
[Date "2009.01.17"]
[Round "2.3"]
[White "Varley, Peter"]
[Black "Deruelle Sala, Albert"]
[Result "1-0"]
[WhiteElo "2259"]
[BlackElo "2117"]
[PlyCount "109"]
[EventDate "2009.01.10"]
[EventType "team"]
[EventRounds "9"]
[EventCountry "ESP"]
[Source "lmi"]
[SourceDate "2009.01.10"]
[WhiteTeam "C.M. Castellon"]
[BlackTeam "Oliva"]

1. d4 Nf6 2. c4 c5 3. d5 e6 4. Nc3 exd5 5. cxd5 d6 6. e4 g6 7. f4 Bg7 8. Bb5+
Nfd7 9. a4 O-O 10. Nf3 Na6 11. O-O Nc7 12. Bc4 a6 13. Re1 Re8 14. e5 Nb6 15.
Ba2 Bg4 16. a5 Nc8 17. e6 f5 18. Bc4 Na7 19. h3 Bh5 20. Be3 Nab5 21. Na4 Nd4
22. Nb6 Nxf3+ 23. gxf3 Qh4 24. Kg2 Rad8 25. Bxc5 Qxf4 26. Be3 Qh4 27. Qd2 Be5
28. f4 Bg7 29. Rac1 Re7 30. Bf2 Qf6 31. Nd7 Rexd7 32. exd7 Rxd7 33. Rc2 h6 34.
Be2 Bxe2 35. Qxe2 Kh7 36. Rd2 g5 37. Qh5 gxf4 38. Bh4 Qf8 39. Kh1 Be5 40. Rg1
Qf7 41. Qxf7+ Rxf7 42. Bd8 Nb5 43. Bb6 Rg7 44. Rxg7+ Kxg7 45. Kg2 Kf6 46. Kf3
Kg5 47. Bd8+ Kg6 48. Rg2+ Kh5 49. Bb6 Kh4 50. Rg6 Kh5 51. Rg8 Bxb2 52. Kxf4 Kh4
53. Rg6 Kh5 54. Kxf5 Be5 55. Rg4 1-0

[Event "Valencia tch - Division de Honor"]
[Site "Comunidad Valenciana"]
[Date "2009.01.17"]
[Round "2.4"]
[White "Engo Pardo, Javier"]
[Black "Jordan Martinez, David"]
[Result "0-1"]
[WhiteElo "2131"]
[BlackElo "2130"]
[PlyCount "83"]
[EventDate "2009.01.10"]
[EventType "team"]
[EventRounds "9"]
[EventCountry "ESP"]
[Source "lmi"]
[SourceDate "2009.01.10"]
[WhiteTeam "Oliva"]
[BlackTeam "C.M. Castellon"]

1. d4 Nf6 2. c4 e6 3. Nc3 Bb4 4. a3 Bxc3+ 5. bxc3 b6 6. f3 d5 7. cxd5 exd5 8.
e3 O-O 9. Bd3 c5 10. Ne2 Ba6 11. O-O Bxd3 12. Qxd3 Nc6 13. Ng3 Rc8 14. Bb2 cxd4
15. cxd4 Na5 16. Rad1 Qc7 17. Rc1 Nc4 18. Bc3 Rfe8 19. e4 Nxa3 20. e5 Nd7 21.
Nf5 Nc4 22. Bb4 Qd8 23. f4 Re6 24. g4 Kh8 25. Qf3 a5 26. Rxc4 Rxc4 27. Nd6 Rxd6
28. Bxd6 Nf6 29. exf6 Qxd6 30. fxg7+ Kxg7 31. f5 Qf6 32. Kh1 Qxd4 33. f6+ Kf8
34. Re1 Rc6 35. g5 Re6 36. Rxe6 fxe6 37. Qa3+ Qb4 38. Qh3 Qe4+ 39. Kg1 Qe1+ 40.
Kg2 Qd2+ 41. Kh1 Qc1+ 42. Kg2 0-1

[Event "Valencia tch - Division de Honor"]
[Site "Comunidad Valenciana"]
[Date "2009.01.17"]
[Round "2.5"]
[White "Orti Camany, Vicente Jose"]
[Black "Reig Muñoz, Jose Enrique"]
[Result "1-0"]
[WhiteElo "2159"]
[BlackElo "2063"]
[PlyCount "61"]
[EventDate "2009.01.10"]
[EventType "team"]
[EventRounds "9"]
[EventCountry "ESP"]
[Source "lmi"]
[SourceDate "2009.01.10"]
[WhiteTeam "C.M. Castellon"]
[BlackTeam "Oliva"]

1. d4 d5 2. Nc3 Bf5 3. f3 Nf6 4. Bg5 c6 5. Bxf6 gxf6 6. e4 Bg6 7. Nge2 e6 8.
Nf4 Bd6 9. Qd2 Nd7 10. O-O-O Qb8 11. g3 a6 12. h4 Bxf4 13. gxf4 Bh5 14. Be2 b5
15. f5 b4 16. Nxd5 cxd5 17. Qh6 dxe4 18. fxe6 Bg6 19. exd7+ Ke7 20. Qe3 h5 21.
fxe4 Kxd7 22. Rhf1 Re8 23. Bd3 Qb6 24. Qf3 Ke7 25. e5 fxe5 26. Bxg6 Qxg6 27.
dxe5 Rec8 28. Qb7+ Ke8 29. Rd2 Rab8 30. Qd7+ Kf8 31. Rf6 1-0

[Event "Valencia tch - Division de Honor"]
[Site "Comunidad Valenciana"]
[Date "2009.01.17"]
[Round "2.6"]
[White "Pous Bargues, Jose Manuel"]
[Black "Roig Aguilar, Alejandro"]
[Result "1-0"]
[WhiteElo "2115"]
[BlackElo "2096"]
[PlyCount "65"]
[EventDate "2009.01.10"]
[EventType "team"]
[EventRounds "9"]
[EventCountry "ESP"]
[Source "lmi"]
[SourceDate "2009.01.10"]
[WhiteTeam "Oliva"]
[BlackTeam "C.M. Castellon"]

1. d4 d5 2. Bf4 Nf6 3. c4 dxc4 4. Qa4+ Nc6 5. e3 Nd5 6. Bg3 Nb6 7. Qc2 g6 8.
Bxc4 Nxc4 9. Qxc4 Be6 10. Qa4 Qd5 11. Nf3 b5 12. Qd1 Qc4 13. b3 Qb4+ 14. Nbd2
Qa5 15. O-O Rc8 16. a3 Bg7 17. Qc2 Nd8 18. Qc5 Qb6 19. Rac1 Qxc5 20. Rxc5 c6
21. Rfc1 Kd7 22. e4 Nb7 23. R5c2 f6 24. b4 Rhd8 25. Bf4 a6 26. h3 Nd6 27. Rc3
Bf7 28. e5 Nc4 29. Ne4 Ra8 30. e6+ Ke8 31. exf7+ Kxf7 32. Ned2 Nxd2 33. Bxd2
1-0

[Event "Valencia tch - Division de Honor"]
[Site "Comunidad Valenciana"]
[Date "2009.01.17"]
[Round "2.7"]
[White "Mezquita Broch, Pascual"]
[Black "Colomar Llorca, Luis Miguel"]
[Result "1/2-1/2"]
[WhiteElo "1983"]
[BlackElo "2094"]
[PlyCount "81"]
[EventDate "2009.01.10"]
[EventType "team"]
[EventRounds "9"]
[EventCountry "ESP"]
[Source "lmi"]
[SourceDate "2009.01.10"]
[WhiteTeam "C.M. Castellon"]
[BlackTeam "Oliva"]

1. e4 c5 2. Nf3 Nc6 3. d4 cxd4 4. Nxd4 e5 5. Nb5 a6 6. Nd6+ Bxd6 7. Qxd6 Qf6 8.
Qxf6 Nxf6 9. Nc3 d5 10. Nxd5 Nxd5 11. exd5 Nb4 12. Kd1 Bf5 13. c4 Nc2 14. Rb1
Ne3+ 15. Bxe3 Bxb1 16. Kc1 Bxa2 17. Kc2 a5 18. Bd3 a4 19. Bb6 O-O 20. Kc3 f5
21. d6 e4 22. Bc2 Ra6 23. Bc7 Rc6 24. b3 axb3 25. Bxb3 Bxb3 26. Kxb3 Rxc7 27.
dxc7 Rc8 28. Rd1 Rxc7 29. Rd5 g6 30. Kc3 Kf7 31. Kd4 Ke6 32. Re5+ Kf6 33. Rb5
Ke6 34. Re5+ Kf6 35. Rb5 Rd7+ 36. Ke3 Kg5 37. Rb6 Rd3+ 38. Ke2 Rd7 39. Ke3 Rd3+
40. Ke2 Rd7 41. Ke3 1/2-1/2

[Event "Valencia tch - Division de Honor"]
[Site "Comunidad Valenciana"]
[Date "2009.01.17"]
[Round "2.8"]
[White "Fullana Fuster, Pablo"]
[Black "Arrizabalaga Dominguez, Jose"]
[Result "0-1"]
[WhiteElo "1963"]
[BlackElo "2138"]
[PlyCount "64"]
[EventDate "2009.01.10"]
[EventType "team"]
[EventRounds "9"]
[EventCountry "ESP"]
[Source "lmi"]
[SourceDate "2009.01.10"]
[WhiteTeam "Oliva"]
[BlackTeam "C.M. Castellon"]

1. e4 e6 2. d4 d5 3. exd5 exd5 4. Nf3 Nc6 5. c3 Bd6 6. Bd3 Qe7+ 7. Be3 Nf6 8.
O-O Bg4 9. Nbd2 Ne4 10. Re1 O-O-O 11. Bxe4 dxe4 12. Bg5 f6 13. Rxe4 Qd7 14. d5
Ne7 15. Be3 Nxd5 16. Qc2 Bf5 17. Nd4 Bxe4 18. Nxe4 Nxe3 19. fxe3 Rhe8 20. Nf5
Be5 21. Nd4 Bxd4 22. exd4 Qg4 23. Ng3 h5 24. b4 g6 25. Qd1 Qf4 26. Nf1 Rd6 27.
Qc1 Qxc1 28. Rxc1 Re2 29. a4 Rde6 30. a5 Rb2 31. h4 Ree2 32. g3 Rbc2 0-1

[Event "Valencia tch - Division de Honor"]
[Site "Comunidad Valenciana"]
[Date "2009.01.17"]
[Round "2.2"]
[White "Sanchez Guirado, Francisco"]
[Black "Suba, Mihai"]
[Result "0-1"]
[WhiteElo "2415"]
[BlackElo "2542"]
[PlyCount "110"]
[EventDate "2009.01.10"]
[EventType "team"]
[EventRounds "9"]
[EventCountry "ESP"]
[Source "lmi"]
[SourceDate "2009.01.10"]
[WhiteTeam "Alzicap"]
[BlackTeam "Alfas del Pi - Servicar"]

1. Nf3 Nf6 2. g3 b6 3. Bg2 Bb7 4. O-O e6 5. b3 Be7 6. Bb2 O-O 7. d4 c5 8. c4
cxd4 9. Qxd4 d6 10. Nc3 Nbd7 11. Rad1 a6 12. Ng5 Bxg2 13. Kxg2 Qc7 14. f3 Rfd8
15. Nce4 h6 16. Nh3 Ne8 17. Nhf2 b5 18. Rc1 Qb7 19. Ba3 b4 20. Bb2 f5 21. Nd2
Bf6 22. Qe3 Bxb2 23. Qxe6+ Kh8 24. Rc2 Be5 25. Nd3 Nef6 26. Qxf5 Rf8 27. Qg6
Rae8 28. Nf2 Nc5 29. Rd1 Re6 30. Nf1 Bc3 31. Nd3 Qe7 32. Nf4 Re5 33. e4 Kg8 34.
Ne3 Nfxe4 35. fxe4 Rg5 36. Qxd6 Qxe4+ 37. Kf2 Qxc2+ 38. Nxc2 Ne4+ 39. Kf3 Nxd6
40. Rxd6 Ra5 41. Kg4 Rxa2 42. Ne3 Be5 43. Rb6 Bxf4 44. gxf4 a5 45. h4 Ra3 46.
Nd5 Rxb3 47. f5 Rb1 48. f6 gxf6 49. Kh5 Kg7 50. Nf4 Rf7 51. Ne6+ Kh7 52. Rb8
Re1 53. Re8 Re5+ 54. Kg4 h5+ 55. Kf4 b3 0-1

[Event "Valencia tch - Division de Honor"]
[Site "Comunidad Valenciana"]
[Date "2009.01.17"]
[Round "2.3"]
[White "Arizmendi Martinez, Julen Luis"]
[Black "Ibañez Aullana, Jose Ramon"]
[Result "1-0"]
[WhiteElo "2498"]
[BlackElo "2308"]
[PlyCount "69"]
[EventDate "2009.01.10"]
[EventType "team"]
[EventRounds "9"]
[EventCountry "ESP"]
[Source "lmi"]
[SourceDate "2009.01.10"]
[WhiteTeam "Alfas del Pi - Servicar"]
[BlackTeam "Alzicap"]

1. Nf3 d5 2. d4 Nf6 3. c4 e6 4. Nc3 c5 5. cxd5 Nxd5 6. e4 Nxc3 7. bxc3 cxd4 8.
cxd4 Nc6 9. a3 Be7 10. Bd3 O-O 11. Bb2 Qa5+ 12. Kf1 b6 13. Qe2 Bb7 14. h4 Rac8
15. Rh3 Nb8 16. Ne5 Ba6 17. h5 Qa4 18. Kg1 Bxd3 19. Rxd3 Rc2 20. Qd1 Rfc8 21.
Bc3 Qb3 22. Bd2 Qb2 23. Rb1 Qa2 24. Ra1 Qb2 25. Rb1 Qa2 26. h6 g6 27. Ra1 Qb2
28. Rb1 Qa2 29. Rbb3 R8c7 30. Qf3 f6 31. Qg4 f5 32. exf5 exf5 33. Qg3 Kf8 34.
Qe3 Bf6 35. Bb4+ 1-0

[Event "Valencia tch - Division de Honor"]
[Site "Comunidad Valenciana"]
[Date "2009.01.17"]
[Round "2.4"]
[White "Mullor Gomez, Luis"]
[Black "Cossin, Sebastien"]
[Result "1/2-1/2"]
[WhiteElo "2353"]
[BlackElo "2471"]
[PlyCount "100"]
[EventDate "2009.01.10"]
[EventType "team"]
[EventRounds "9"]
[EventCountry "ESP"]
[Source "lmi"]
[SourceDate "2009.01.10"]
[WhiteTeam "Alzicap"]
[BlackTeam "Alfas del Pi - Servicar"]

1. e4 c5 2. Nc3 Nc6 3. f4 g6 4. Nf3 Bg7 5. a4 e6 6. d4 cxd4 7. Nb5 d6 8. Nbxd4
Nxd4 9. Nxd4 Nf6 10. Bd3 O-O 11. Nf3 e5 12. fxe5 Ng4 13. Qe2 Nxe5 14. Nxe5 Bxe5
15. O-O Bxb2 16. Bxb2 Qb6+ 17. Qf2 Qxb2 18. Rab1 Qc3 19. Rb3 Qc7 20. Qd4 Be6
21. Rc3 Qe7 22. Rb1 b6 23. Ba6 Rfd8 24. a5 bxa5 25. Rb7 Rd7 26. Rb5 Rc7 27.
Rxa5 Rb8 28. Ra1 Rc5 29. Bd3 Qc7 30. Rca3 a5 31. h3 Rb4 32. Qf6 Qb6 33. Kh2 Qc7
34. Kh1 Rb8 35. Qd4 d5 36. e5 Rb4 37. Qf2 d4 38. Qg3 Bc4 39. Re1 Bxd3 40. cxd3
f6 41. Qf3 fxe5 42. Rf1 Qe7 43. Qa8+ Kg7 44. Rxa5 Rxa5 45. Qxa5 Rb8 46. Rc1 Rb7
47. Re1 Qb4 48. Qxe5+ Kg8 49. Rf1 Re7 50. Qf6 Re1 1/2-1/2

[Event "Valencia tch - Division de Honor"]
[Site "Comunidad Valenciana"]
[Date "2009.01.17"]
[Round "2.5"]
[White "Granero Roca, Antonio"]
[Black "Toledano Llinares, Juan Antonio"]
[Result "1/2-1/2"]
[WhiteElo "2386"]
[BlackElo "2334"]
[PlyCount "85"]
[EventDate "2009.01.10"]
[EventType "team"]
[EventRounds "9"]
[EventCountry "ESP"]
[Source "lmi"]
[SourceDate "2009.01.10"]
[WhiteTeam "Alfas del Pi - Servicar"]
[BlackTeam "Alzicap"]

1. Nf3 d5 2. d4 c6 3. c4 e6 4. Qc2 Nf6 5. e3 Nbd7 6. Nc3 Bd6 7. g4 Nxg4 8. Rg1
Nxh2 9. Nxh2 Bxh2 10. Rxg7 Qf6 11. Rxh7 Nf8 12. Rxh8 Qxh8 13. e4 dxe4 14. Nxe4
f5 15. Ng5 Bc7 16. Bd2 Bd7 17. O-O-O Qxd4 18. Be2 Qh4 19. Qd3 Bf4 20. Nf3 Bxd2+
21. Qxd2 Qxf2 22. Ne5 O-O-O 23. Nf7 Qh4 24. Nxd8 Qxd8 25. Qh6 e5 26. Qd6 Qg5+
27. Kc2 Qg7 28. Rh1 Ne6 29. Kb1 Nd4 30. Bd3 e4 31. Bf1 Ne6 32. a3 Qd4 33. Qe7
Kc7 34. Rh7 Qd6 35. Bh3 Qxe7 36. Rxe7 Kd6 37. Rxd7+ Kxd7 38. Bxf5 e3 39. Kc2
Kd6 40. Bxe6 Kxe6 41. Kd3 Ke5 42. Kxe3 c5 43. b4 1/2-1/2

[Event "Valencia tch - Division de Honor"]
[Site "Comunidad Valenciana"]
[Date "2009.01.17"]
[Round "2.6"]
[White "Mezcua Coronil, Felix"]
[Black "Cano Sanchez, Josue"]
[Result "0-1"]
[WhiteElo "2252"]
[BlackElo "2273"]
[PlyCount "128"]
[EventDate "2009.01.10"]
[EventType "team"]
[EventRounds "9"]
[EventCountry "ESP"]
[Source "lmi"]
[SourceDate "2009.01.10"]
[WhiteTeam "Alzicap"]
[BlackTeam "Alfas del Pi - Servicar"]

1. e4 e6 2. d3 d5 3. Nd2 Nc6 4. Ngf3 Nf6 5. e5 Nd7 6. d4 b6 7. c4 Ne7 8. Bd3 h6
9. O-O Bb7 10. b3 c5 11. Bb2 a6 12. Rc1 Rc8 13. Qe2 dxc4 14. bxc4 cxd4 15. Nxd4
Nc5 16. Ne4 Nc6 17. Nxc5 Nxd4 18. Bxd4 Bxc5 19. Bxc5 Rxc5 20. Be4 Bxe4 21. Qxe4
O-O 22. Qb7 Qb8 23. Qxb8 Rxb8 24. f4 Rbc8 25. Rb1 R8c6 26. Rfd1 Rxc4 27. Rd8+
Kh7 28. Rd7 Rc7 29. Rd6 R4c6 30. Rbd1 b5 31. Kf2 Rc2+ 32. R1d2 Rxd2+ 33. Rxd2
Rc3 34. g4 Ra3 35. Rd7 Rxa2+ 36. Kg3 Ra3+ 37. Kh4 b4 38. Rxf7 Ra5 39. f5 Rxe5
40. f6 Kg6 41. Rb7 Kxf6 42. Rxb4 Re3 43. Rf4+ Ke5 44. Rf2 g5+ 45. Kh5 Rh3+ 46.
Kg6 Ke4 47. Ra2 Kf3 48. Kf6 Kxg4 49. Kxe6 Kh4 50. Kf5 h5 51. Kg6 Rb3 52. Rxa6
Rb2 53. h3 g4 54. hxg4 hxg4 55. Kf5 Rf2+ 56. Ke4 Kg3 57. Ra3+ Kg2 58. Ra8 g3
59. Ke3 Rf3+ 60. Ke2 Rf5 61. Ke3 Rh5 62. Kf4 Kh2 63. Kg4 Rh7 64. Kf3 g2 0-1

[Event "Valencia tch - Division de Honor"]
[Site "Comunidad Valenciana"]
[Date "2009.01.17"]
[Round "2.7"]
[White "Sanchez Barbado, Carlos"]
[Black "Adell Corts, Francisco"]
[Result "1-0"]
[WhiteElo "2148"]
[BlackElo "2233"]
[PlyCount "91"]
[EventDate "2009.01.10"]
[EventType "team"]
[EventRounds "9"]
[EventCountry "ESP"]
[Source "lmi"]
[SourceDate "2009.01.10"]
[WhiteTeam "Alfas del Pi - Servicar"]
[BlackTeam "Alzicap"]

1. e4 e5 2. Nf3 Nf6 3. Nxe5 d6 4. Nf3 Nxe4 5. d4 d5 6. Bd3 Be7 7. O-O Nc6 8. c4
Nf6 9. h3 Nb4 10. Nc3 Nxd3 11. Qxd3 dxc4 12. Qxc4 c6 13. Re1 O-O 14. Bg5 h6 15.
Bh4 Bd7 16. Rad1 b5 17. Qb3 g5 18. Bg3 b4 19. d5 bxc3 20. dxc6 Qb6 21. cxd7
Qxb3 22. axb3 c2 23. Rd3 Ne4 24. Nd4 Nc5 25. Rc3 Bf6 26. Rxc5 Bxd4 27. Rxc2
Rfd8 28. Rc7 Kg7 29. Bd6 Bf6 30. Rb7 a5 31. Rd1 Rg8 32. Rd2 Bd8 33. Rc2 Bf6 34.
Kf1 Rgd8 35. Rc6 Rg8 36. Ke2 h5 37. Kd3 a4 38. bxa4 Rxa4 39. b4 Ra3+ 40. Kc4
Rc3+ 41. Kb5 Rd3 42. Bc5 Rd2 43. Rd6 Ra2 44. g3 Rga8 45. Rxf6 Kxf6 46. d8=Q+
1-0